Ρήγας Βελεστινλής : 200 χρόνια από τον θάνατό του : προσεγγίσεις στο έργο και τις επιδράσεις του

Αποθηκεύτηκε σε:
Λεπτομέρειες βιβλιογραφικής εγγραφής
Συγγραφή απο Οργανισμό/Αρχή: Συμβούλιο Απόδημου Ελληνισμού Περιφέρεια Ευρώπης
Μορφή: Βιβλίο
Γλώσσα:Greek
Δημοσίευση: Λευκωσία : Συμβούλιο Απόδημου Ελληνισμού - Περιφέρεια Ευρώπης, 2006
Θέματα:
Ετικέτες: Προσθήκη ετικέτας
Δεν υπάρχουν, Καταχωρήστε ετικέτα πρώτοι!

MARC

LEADER 00000nam a2200000 i 4500
001 1/61245
008 071031s2006 gre d
020 |a 9963-8214-6-4 
035 |l 10091980 
040 |a GR-MY-UA  |b gre  |e aacr 
041 0 |a gre 
082 0 |a 938.483  |2 (22) 
110 2 |a Συμβούλιο Απόδημου Ελληνισμού Περιφέρεια Ευρώπης. 
245 1 0 |a Ρήγας Βελεστινλής :  |b 200 χρόνια από τον θάνατό του : προσεγγίσεις στο έργο και τις επιδράσεις του /  |c Συμβούλιο Απόδημου Ελληνισμού - Περιφέρεια Ευρώπης 
260 |a Λευκωσία :   |b Συμβούλιο Απόδημου Ελληνισμού - Περιφέρεια Ευρώπης,   |c 2006 
300 |a 184 σ.;  |b εικ. έγχρ.;  |c 24 εκ.  
500 |a Πρακτικά του επιστημονικού συμποσίου που πραγματοποιήθηκε στις 27 και 28 Μαρτίου 1998 στο Σκαλί Αγλαντζιάς, στη Λευκωσία 
600 1 0 |a Ρήγας, Βελεστινλής,   |d 1757-1798. 
852 |a INST  |b LESVOS  |e 20071031  |h 938.483 ΣΥΜ  |p 005100037572  |q 005100037572  |t BK  |y 0 
901 |a BIBL1-2007-3 
909 |a Λ  |b 132304 
920 |a ΣΥΜΒΟΥΛΙΟ ΑΠΟΔΗΜΟΥ ΕΛΛΗΝΙΣΜΟΥ- ΠΕΡΙΦΕΡΕΙΑ ΕΥΡΩΠΗΣ  |y ΛΕΣΒΟΣ  |z 2007-10 
970 |a ΧΑΤΖΗΜΙΧΑΗΛ  |b ΜΑΡΙΑ  |z 2007/10/31